000 00506nam a2200169 i 4500
001 32525
003 ES-MaACL
005 20230906154604.0
007 t|
008 030131s1948 sp ||||1| spa d
100 1 _aBerruezo, José.
_928398
245 1 0 _aSan Sebastián
_b: itinerario pintoresco a través de su historia /
_cJosé Berruezo.
250 _a1ª ed.
260 _aSan Sebastián :
_b[s.n.,
_c1948] (
_fImp. V. Echeverria)
300 _a170 p. ;
_c21 cm.
852 _aES-MaACL
_jC-5584
_bR.26252
999 _c32525
_d32525